Biggest City by Letter - Washington - Statistics

General Stats
  • This quiz has been taken 17 times
  • The average score is 11 of 25
Answer Stats
Letter Population City % Correct
S 724,305 Seattle
100%
V 180,556 Vancouver
88%
E 109,766 Everett
81%
T 212,869 Tacoma
81%
B 144,403 Bellevue
75%
K 131,118 Kent
75%
R 101,484 Renton
69%
Y 93,413 Yakima
69%
F 96,526 Federal Way
63%
O 51,534 Olympia
56%
A 80,134 Auburn
50%
P 72,899 Pasco
50%
I 37,965 Issaquah
38%
M 68,633 Marysville
38%
W 34,188 Wenatchee
31%
Q 7,646 Quincy
25%
L 60,111 Lakewood
19%
C 23,200 Camas
13%
D 31,734 Des Moines
13%
G 28,976 Graham
13%
U 33,326 University Place
13%
Z 3,116 Zillah
13%
H 21,196 Hazel Dell
6%
J 395 Jamestown
6%
N 23,620 North Lynnwood
6%
No matching quizzes found
Score Distribution
Percent of People with Each Score
Percentile by Number Answered
Your Score History
You have not taken this quiz